BUBT Library Online Catalog

Walden and Civil Disobedience : (Record no. 6847)

000 -LEADER
fixed length control field 00590nam a22002057a 4500
003 - CONTROL NUMBER IDENTIFIER
control field BUBTL
008 - FIXED-LENGTH DATA ELEMENTS--GENERAL INFORMATION
fixed length control field 221130b ||||| |||| 00| 0 eng d
020 ## - INTERNATIONAL STANDARD BOOK NUMBER
International Standard Book Number 0140390448
082 ## - DEWEY DECIMAL CLASSIFICATION NUMBER
Classification number 818.303/ T391w/ 1983
100 ## - MAIN ENTRY--PERSONAL NAME
9 (RLIN) 5008
Personal name Thoreau, Henry David
245 ## - TITLE STATEMENT
Title Walden and Civil Disobedience :
Remainder of title Henry David Thoreau
250 ## - EDITION STATEMENT
Edition statement 1st Edn
260 ## - PUBLICATION, DISTRIBUTION, ETC. (IMPRINT)
Place of publication, distribution, etc. U S A
Name of publisher, distributor, etc. Penguin Books
Date of publication, distribution, etc. c1983
300 ## - PHYSICAL DESCRIPTION
Extent 431p. :
Other physical details 19 cm
650 #0 - SUBJECT ADDED ENTRY--TOPICAL TERM
9 (RLIN) 1994
Topical term or geographic name as entry element English Literature
700 ## - ADDED ENTRY--PERSONAL NAME
9 (RLIN) 5008
Personal name Thoreau, Henry David
856 ## - ELECTRONIC LOCATION AND ACCESS
Password 0
Logon 0
Link text Download
942 ## - ADDED ENTRY ELEMENTS (KOHA)
Source of classification or shelving scheme
Koha item type Books
Holdings
Withdrawn status Lost status Source of classification or shelving scheme Damaged status Not for loan Collection code Permanent location Current location Shelving location Date acquired Source of acquisition Inventory number Total Checkouts Full call number Barcode Date last seen Copy number Price effective from Koha item type Date last checked out
          Non-fiction Bangladesh University of Business and Technology Library Bangladesh University of Business and Technology Library English Literature Stacks 08/15/2010 Purchase 7331   818.303/ T391w/ 1983 BUBTL-20037331 11/30/2022 C-1 11/30/2022 Books  
          Non-fiction Bangladesh University of Business and Technology Library Bangladesh University of Business and Technology Library English Literature Stacks 08/15/2010 Purchase 7332 1 818.303/ T391w/ 1983 BUBTL-20037332 02/12/2023 C-2 11/30/2022 Books 01/31/2023
        Not For Loan Non-fiction Bangladesh University of Business and Technology Library Bangladesh University of Business and Technology Library English Literature Stacks 08/15/2010 Purchase 7333   818.303/ T391w/ 1983 BUBTL-20037333 11/30/2022 C-3 11/30/2022 Books  

More Information About Library

Library Hours

  • Open: 9.00 am. to 9.00 pm.
  • Only Sunday: 9.00 am. to 6.00 pm.
  • Closed: Holiday

Contact to the University

Bangladesh University of Business and Technology Library

  • Mirpurl-2, 1216.
  • Phone:
  • Fax:
  • E-Mail: admin.library@bubt.edu.bd

Contact to the Library

Contact Person:

Md. Abdul Hakim Shah
Joint Librarian
PABX No:  113
Cell No: 01816332931
E-mail: official: admin.library@bubt.edu.bd
Personal: hakim.shah@bubt.edu.bd


BUBT Library

Copyright © 2021